Langues officielles dans plusieurs pays - Mort subite - Statistiques

Statistiques générales
  • Ce quiz a été pris 388 fois
    34 depuis la dernière actualisation
  • Le résultat moyen est 7 sur 15
Answers on the Grid
Answers color-coded by a green-red scale on the quiz's grid according to % correct below.
Arabe
Espagnol
Roumain
Coréen
Birman
Estonien
Latin
Mandarin
Norvégien
Finnois
Suédois
Anglais
Letton
Géorgien
Turc
Sotho du Sud
Serbe
Luxembourgeois
Maori
Russe
Allemand
Catalan
Portugais
Filipino
Hébreu
Polonais
Italien
Néerlandais
Tibétain
Thaï
 
Statistiques - réponses
Réponse % Correct
Arabe
100%
Espagnol
94%
Coréen
78%
Roumain
61%
Anglais
50%
Russe
50%
Allemand
44%
Mandarin
39%
Portugais
33%
Italien
28%
Néerlandais
28%
Suédois
28%
Turc
22%
Serbe
17%
Sotho du Sud
6%
Aucun quiz correspondant
Distribution des résultats
% des personnes avec chaque résultat
Percentile par nombre de réponses
Votre historique - résultats
Vous n’avez pas pris ce quiz depuis la dernière actualisation